Datum a čas kvízu
22.5
Celkem bodů
Celkový počet nahraných bodů na tomto kvízu bez doplňovacích otázek.
7.
Pořadí na kvízu
Konečné umístění týmu na tomto kvízu.
Zaznamenané odpovědi
| # | Otázka | Odpověď | Body | Výsledky |
|---|---|---|---|---|
| 1. | Největší veřejně přístupnou sb... | 0 | ||
| 2. | Ve středu jmenoval německý pre... | 0 | ||
| 3. | 15. března při zahájení Febiof... | 0 | ||
| 4. | Už letos najdou zákazníci ve s... | 0 | ||
| 5. | Minulý týden vyvrcholil presti... | 0 | ||
| 6. | Stephen Hawking, jehož obdivuh... | 1 | ||
| 7. | V 70. letech se Hawking začal... | 1 | ||
| 8. | Hawking se během své vědecké d... | 0 | ||
| 9. | Jaký neobvyklý dopravní prostř... | 1 | ||
| 10. | V roce 2014 byl britským režis... | 1 |